书目信息 |
| 题名: |
光纤通信与光纤信息网
|
|
| 作者: | 董天临 主编 | |
| 分册: | ||
| 出版信息: | 北京 清华大学出版社 2005.9 |
|
| 页数: | XIV,349页 | |
| 开本: | 26cm | |
| 丛书名: | 高等院校信息与通信工程系列教材 | |
| 单 册: | ||
| 中图分类: | TN929.11-43 | |
| 科图分类: | ||
| 主题词: | 光纤通信--guang xian tong xin--高等学校--教材 , 光纤通信--guang xian tong xin--通信网--高等学校--教材 , 通信网--tong xin wang | |
| 电子资源: | ||
| ISBN: | 7-302-11106-5 | |
| 000 | 01237nam0 2200337 450 | |
| 000 | 01255nam0 2200337 450 | |
| 000 | 01218nam0 2200325 450 | |
| 000 | 01175nam0 2200313 450 | |
| 000 | 01164nam0 2200313 450 | |
| 000 | 01127nam0 2200301 45 | |
| 001 | 012005000794 | |
| 005 | 20051214083644.06 | |
| 010 | @a7-302-11106-5@dCNY32.00 | |
| 100 | @a20051121d2005 em y0chiy0121 ea | |
| 101 | 0 | @achi |
| 102 | @aCN@b110000 | |
| 105 | @ay z 000yy | |
| 200 | 1 | @a光纤通信与光纤信息网@Aguang xian tong xin yu guang xian xin xi wang@f董天临主编 |
| 210 | @a北京@c清华大学出版社@d2005.9 | |
| 215 | @aXIV,349页@d26cm | |
| 225 | 2 | @a高等院校信息与通信工程系列教材@Agao deng yuan xiao xin xi yu tong xin gong cheng xi lie jiao cai |
| 320 | @a有书目 | |
| 330 | @a本书针对光纤通信近年在密集波分复用方面的新进展,突出了与之相关的原理和技术,介绍了光纤通信教学实验。 | |
| 461 | 0 | @12001 @a高等院校信息与通信工程系列教材 |
| 606 | 0 | @a光纤通信@Aguang xian tong xin@x高等学校@j教材 |
| 606 | 0 | @a光纤通信@Aguang xian tong xin@x通信网@x高等学校@j教材 |
| 606 | 0 | @a通信网@Atong xin wang |
| 690 | @aTN929.11-43@v4 | |
| 701 | 0 | @a董天临@Adong tian lin@4主编 |
| 801 | 0 | @aCN@bSRXX@c20051214 |
| 905 | @a10447@dTN929.11-43@eD730 | |
| 光纤通信与光纤信息网/董天临主编.-北京:清华大学出版社,2005.9 |
| XIV,349页;26cm.-(高等院校信息与通信工程系列教材) |
| ISBN 7-302-11106-5:CNY32.00 |
| 本书针对光纤通信近年在密集波分复用方面的新进展,突出了与之相关的原理和技术,介绍了光纤通信教学实验。 |
| ● |
| 相关链接 |
|
|
|
正题名:光纤通信与光纤信息网
索取号:TN929.11-43/D730
 
预约/预借
| 序号 | 登录号 | 条形码 | 馆藏地/架位号 | 状态 | 备注 |
| 1 | 548540 | 205485401 | 自科二线400A/400A自科库 5排2列6层/ [索取号:TN929.11-43/D730] | 在馆 | |
| 2 | 548541 | 205485410 | 期刊室512/301自科库 30排4列4层/ [索取号:TN929.11-43/D730] | 在馆 | |
| 3 | 548542 | 205485429 | 期刊室512/301自科库 30排4列4层/ [索取号:TN929.11-43/D730] | 在馆 |